নাট্য সাহিত্যের আলোচনা ও নাটক বিচার / (Record no. 65175)
[ view plain ]
| 000 -LEADER | |
|---|---|
| fixed length control field | 01170nam a2200253 a 4500 |
| 001 - CONTROL NUMBER | |
| control field | 65175 |
| 003 - CONTROL NUMBER IDENTIFIER | |
| rucl marc code | BD-RjUL |
| 005 - DATE AND TIME OF LATEST TRANSACTION | |
| control field | 20211209081408.0 |
| 008 - FIXED-LENGTH DATA ELEMENTS--GENERAL INFORMATION | |
| fixed length control field | 161016m1950 ii |||| |||| 000 0 ben d |
| 020 ## - INTERNATIONAL STANDARD BOOK NUMBER | |
| Terms of availability | : Tk. 6.00 |
| 035 ## - SYSTEM CONTROL NUMBER | |
| System control number | (BD-RjUL)65305 |
| 040 ## - CATALOGING SOURCE | |
| Original cataloging agency | BD-RjUL |
| Language of cataloging | ben |
| Transcribing agency | BD-RjUL |
| Modifying agency | BD-RjUL |
| 041 ## - LANGUAGE CODE | |
| Language code of text/sound track or separate title | ben |
| 082 ## - DEWEY DECIMAL CLASSIFICATION NUMBER | |
| Edition number | 23 |
| Classification number | 891.44209 |
| Author mark and year | BHN 1950 |
| 100 1# - MAIN ENTRY--PERSONAL NAME | |
| Personal name | ভট্টাচার্য্য, সাধনকুমার |
| 9 (RLIN) | 158444 |
| 245 10 - TITLE STATEMENT | |
| Title | নাট্য সাহিত্যের আলোচনা ও নাটক বিচার / |
| Statement of responsibility, etc. | সাধন কুমার ভট্টাচার্য্য ও শ্রীকুমার বন্দোপাধ্যায় |
| 260 ## - PUBLICATION, DISTRIBUTION, ETC. (IMPRINT) | |
| Place of publication, distribution, etc. | কলিকাতা : |
| Name of publisher, distributor, etc. | পুথিঘর, |
| Date of publication, distribution, etc. | ১৯৫০ [১৩৫৭] |
| 300 ## - PHYSICAL DESCRIPTION | |
| Pagination | খন্ড. ; |
| Size | ১৭ সেমি. |
| 505 ## - FORMATTED CONTENTS NOTE | |
| Formatted contents note | খন্ড. ২. -- |
| 650 ## - SUBJECT ADDED ENTRY--TOPICAL TERM | |
| Topical term or geographic name as entry element | বাংলা নাটক |
| Form subdivision | ইতিহাস ও সমালোচনা |
| 9 (RLIN) | 123606 |
| Topical term or geographic name as entry element | Bengali drama |
| Form subdivision | History and Criticism |
| 9 (RLIN) | 117436 |
| 700 ## - ADDED ENTRY--PERSONAL NAME | |
| Personal name | বন্দোপাধ্যায় , শ্রীকুমার |
| 942 ## - ADDED ENTRY ELEMENTS (KOHA) | |
| Source of classification or shelving scheme | Dewey Decimal Classification |
| Koha item type | Books |
| Lost status | Source of classification or shelving scheme | Damaged status | Not for loan | Collection code | Permanent Location | Current Location | Shelving location | Date acquired | Source of acquisition | Cost, normal purchase price | Total Checkouts | Full call number | Date last seen | Copy number | Koha item type |
|---|---|---|---|---|---|---|---|---|---|---|---|---|---|---|---|
| Dewey Decimal Classification | Not For Loan | Non-fiction | Central Library, University of Rajshahi | Central Library, University of Rajshahi | Reading Room | 14/02/1956 | worsi book corporation | 6.12 | B 891.44209 BHN V-2 1950 | 01/03/2017 | C-1 | Books |